| 000 | 01281nab a22002657a 4500 | ||
|---|---|---|---|
| 999 |
_c5532 _d5532 |
||
| 003 | OSt | ||
| 005 | 20251215125457.0 | ||
| 008 | 190429b xxu||||| |||| 00| 0 spa d | ||
| 040 | _cPJ | ||
| 100 |
_aSotile, Patricia _96512 |
||
| 245 | 1 | 0 |
_a"Mala madre": un estereotipo discriminatorio que agrava las penas / _cPatricia Sotile. |
| 260 |
_cCiudad Autónoma de Buenos Aires : _aThomson Reuters La Ley, _b2025. |
||
| 300 | _ap. 80-88 | ||
| 500 | _aCita: AR/DOC/2357/2024. | ||
| 505 | _aSumario: I. Introducción. Los hechos del caso.— II. Perspectiva de género y prohibición de estereotipos en el proceso penal.— III. Estereotipos como agravantes de condenas penales.— IV. Conclusiones. | ||
| 505 | _tFallo comentado: TCasación Penal, Buenos Aires ~ sala I ~ F., B. N. s/Recurso de casación, 07/05/2024. | ||
| 505 | _tSi te interesa el texto completo, solicitalo a koha@justierradelfuego.gov.ar | ||
| 650 | 0 |
_9343 _aDERECHO PENAL |
|
| 650 | 0 |
_94044 _aPERSPECTIVA DE GÉNERO |
|
| 650 | 0 |
_92480 _aCODIGO PENAL |
|
| 650 | 0 |
_95923 _aABANDONO DE PERSONAS |
|
| 650 | 0 |
_91975 _aPRUEBA |
|
| 773 | 0 |
_02658 _93164 _tRevista de derecho penal y criminología. Nº 1 - Febrero 2025 _dCiudad Autónoma de Buenos Aires : Thomson Reuters La Ley, 2017- _x00347914 |
|
| 942 |
_2udc _cANA |
||